[Event "RUS-ch Youth U21 Boys 2017"]
[Site "Loo"]
[Date "2017.04.21"]
[Round "2"]
[White "Sorokin, Aleksey"]
[Black "Paravyan, David"]
[Result "1/2-1/2"]
[WhiteElo "2445"]
[BlackElo "2534"]
[Annotator "TA"]
[PlyCount "72"]
[EventDate "2017.??.??"]
[EventType "tourn"]
[EventCountry "RUS"]
[SourceTitle "playchess.com"]
[Source "ChessBase"]
[SourceQuality "1"]

{[%evp 27,72,-14,0,-28,-15,-40,0,-25,-17,-35,-5,-3,-3,-9,-21,-8,7,-10,0,0,0,0,0,0,0,0,0,0,0,0,0,0,0,0,0,0,0,0,0,0,0,0,0,0,0,0,0]} 1. d4 Nf6 2. c4 e6 3. Nf3 b6 4. a3 Bb7 5. Nc3 d5 6. cxd5 Nxd5 7. Qc2 Nxc3 8. bxc3 Be7 9. e4 O-O 10. Bd3 c5 11. O-O Qc7 12. Qe2 {E12: Queen's Indian: Unusual White 4th moves, 4 a3, 4 Nc3 Bb7 5 a3 and 4 Nc3 Bb7} Nc6 (12... Nd7 13. a4 Rfd8 14. Bd2 Rac8 15. h3 e5 16. Rfc1 Bd6 17. Bc4 Rf8 18. d5 Ra8 19. Be3 Bc8 20. Nd2 Nf6 {1-0 (42) Wang,Y (2726)-Zhou,W (2627) China 2015}) 13. Bb2 Na5 14. Rad1 Rac8 {LiveBook: 7 Games} 15. h4 Rfd8 $146 (15... cxd4 16. cxd4 Nc4 17. Rc1 {½-½ (52) Rakhmanov,A (2489)-Levin,E (2421) Sibenik 2007}) 16. h5 Bc6 17. g3 h6 18. Rde1 b5 19. Ne5 {The position is equal.} Be8 20. Bxb5 Bxb5 21. Qxb5 Qb6 (21... Rb8 $5 22. Qe2 $8 Bd6 $11) 22. Qe2 cxd4 23. cxd4 Bf6 24. Rc1 Rxc1 25. Rxc1 Nb3 26. Rd1 {Black should prevent d5.} Nxd4 27. Bxd4 Rxd4 28. Nd7 Qd8 {[#] Strongly threatening ...Qxd7.} 29. Nxf6+ Qxf6 30. Rxd4 Qxd4 $11 {[%mdl 4096] Endgame KQ-KQ} 31. Qa6 Kf8 32. Qc8+ Ke7 33. Qc7+ Ke8 34. Qc8+ Ke7 35. Qc7+ Ke8 36. Qc8+ Ke7 1/2-1/2

[Event "RUS-ch Youth U21 Boys 2017"]
[Site "Loo"]
[Date "2017.04.21"]
[Round "2"]
[White "Kozionov, Kirill"]
[Black "Faizrakhmanov, Ramil"]
[Result "1/2-1/2"]
[WhiteElo "2440"]
[BlackElo "2436"]
[Annotator "TA"]
[PlyCount "93"]
[EventDate "2017.??.??"]
[EventType "tourn"]
[EventCountry "RUS"]
[SourceTitle "playchess.com"]
[Source "ChessBase"]
[SourceQuality "1"]

{[%evp 34,93,0,0,0,0,0,0,1,0,89,65,58,0,54,27,36,35,28,-5,-5,-5,-5,-5,-5,-5,-5,-5,-5,-5,-7,-11,-9,-27,-18,-49,-12,-15,0,-27,-27,-61,0,-15,0,0,0,0,0,0,0,0,0,0,0,0,0,0,0,0,0,0]} 1. e4 c6 2. d4 d5 3. Nc3 dxe4 4. Nxe4 Bf5 5. Ng3 Bg6 6. Nf3 Nd7 7. h4 h6 8. h5 Bh7 9. Bd3 Bxd3 10. Qxd3 e6 11. Bd2 Ngf6 12. O-O-O Be7 13. Kb1 Qb6 {B19: Classical Caro-Kann: 4...Bf5 main line} 14. Rhe1 O-O 15. Nf5 exf5 16. Rxe7 Qd8 17. Re2 Ne4 18. g3 {LiveBook: 6 Games} Ndf6 19. Nh4 Qd7 20. Qf3 Qd5 21. Bc1 ({Much weaker is} 21. Bb4 Rfe8 22. c3 f4 23. gxf4 a5 $17) 21... Nd6 $146 (21... Rfe8 $11 22. c3 Rad8) 22. Qxd5 (22. Qd3 $5 {with more complications.} Rfe8 23. Re5 Qc4 24. Qf3 Nd5 25. b3) 22... Nxd5 23. Re5 (23. Rde1 $14) 23... f6 (23... Nc4 $11) 24. Re2 Rfe8 25. Rde1 Re4 26. c4 Rxe2 27. Rxe2 Nxc4 28. Nxf5 Rd8 29. Kc2 Kf7 30. g4 Nd6 31. Nxd6+ Rxd6 $11 {[%mdl 4096] Endgame KRB-KRN} 32. Kd3 Rd7 33. Bd2 Nc7 34. Be3 Ne6 35. Ke4 a6 36. Rd2 Nc7 37. Rd3 Rd5 (37... Nd5 $15) 38. a4 {[#]The position is equal.} f5+ $1 {[%mdl 512]} 39. gxf5 {Hoping for Rb3.} Ne8 40. Rb3 Nd6+ 41. Kf3 Rxf5+ 42. Bf4 Ke6 43. Kg4 Rf7 44. d5+ Kxd5 {Strongly threatening ...Ne4.} 45. Rd3+ Ke4 46. Re3+ Kd5 47. Rd3+ 1/2-1/2

[Event "RUS-ch Youth U21 Boys 2017"]
[Site "Loo"]
[Date "2017.04.22"]
[Round "3"]
[White "Paravyan, David"]
[Black "Khegay, Dmitriy"]
[Result "1/2-1/2"]
[WhiteElo "2534"]
[BlackElo "2477"]
[Annotator "TA"]
[PlyCount "80"]
[EventDate "2017.??.??"]
[EventType "tourn"]
[EventCountry "RUS"]
[SourceTitle "playchess.com"]
[Source "ChessBase"]
[SourceQuality "1"]

{[%evp 20,80,-41,-54,-58,-116,-109,-134,-129,-131,-131,-144,-98,-86,-101,-118,-108,-84,-107,-135,-110,-208,-200,-180,-21,-5,-5,-83,-76,-71,-71,-124,-129,-200,-54,-129,-122,-122,-127,-134,-129,-142,-129,-141,-76,-82,-75,-81,-56,-138,-133,-139,-120,-111,-81,-81,-18,-26,-8,-8,-8,-10,8]} 1. d4 Nf6 2. c4 e6 3. Nc3 Bb4 4. Qc2 O-O 5. e4 d6 6. a3 Bxc3+ {E32: Nimzo-Indian: Classical (4 Qc2): 4...0-0} 7. bxc3 Nbd7 (7... e5 8. Bd3 c5 9. Ne2 Nc6 10. d5 Na5 11. Ng3 Nd7 12. Rb1 Re8 13. O-O b6 14. Nf5 {1-0 (61) Topalov,V (2752)-Vallejo Pons,F (2697) Leon 2012}) 8. Bd3 c5 9. Ne2 Qc7 10. O-O b5 11. Ng3 {LiveBook: 3 Games} bxc4 $1 12. Bxc4 ({White should try} 12. Be2 $15) 12... cxd4 $1 $17 13. Qe2 $146 (13. cxd4 Ba6 14. Bd3 Qxc2 15. Bxc2 {0-1 (30) Schnider,G (2364)-Turov,M (2603) Graz 2016}) 13... Ne5 14. Bb5 dxc3 15. Bg5 a6 16. Bxf6 axb5 17. Nh5 gxf6 18. Qe3 {White threatens Qh6 and mate.} Ng4 $1 {[%cal Rg4e3]} 19. Qg3 f5 20. f3 (20. h3 $17) 20... Kh8 21. fxg4 fxg4 $2 ({Don't do} 21... fxe4 22. Nf6 Rg8 23. Nxg8 Kxg8 24. Qf4 $15) (21... f6 $1 $19 22. gxf5 Ra6) 22. Nf6 $1 $11 {aiming for Qh4.} Qc5+ 23. Kh1 {[#]} (23. Rf2 $1 $11 Qg5 24. Qxc3) 23... Qg5 $1 $17 {...b4! is the strong threat.} (23... h5 24. Qh4 Rb8 25. Nxh5 $18) 24. Qxc3 {[#]} e5 $1 25. Qc6 (25. Rad1 $142) 25... Be6 26. Qxd6 (26. Qxb5 $17 {was necessary.} Rfc8 27. Qb6) 26... Rac8 (26... Rfd8 $19 27. Qb6 Rd2) 27. Nd7 (27. Rad1 $1 $15) 27... Rfd8 ({Much weaker is} 27... Bxd7 $6 28. Qxd7 Rc5 29. Rad1 $11) 28. Qxe5+ Qxe5 29. Nxe5 Kg7 30. h3 gxh3 31. gxh3 Rc3 ({Black should play} 31... Rc5 32. Nf3 Rd3) 32. Rf3 Rxf3 33. Nxf3 Bxh3 {[%mdl 4096] Endgame Strongly threatening ...Rd3. KRB-KRN} 34. Rb1 (34. Kh2 $1 $15 Bg4 35. Rg1) 34... Rd3 35. Ne5 Re3 36. Rxb5 Rxe4 {[#]} 37. Nxf7 $1 {[%mdl 512]} Rh4 (37... Kxf7 $17 38. Rh5 Be6 39. Rxh7+ Kf6) 38. Nd6 $11 Bd7+ 39. Kg2 Bc6+ 40. Kg3 Bxb5 1/2-1/2

[Event "RUS-ch Youth U21 Boys 2017"]
[Site "Loo"]
[Date "2017.04.22"]
[Round "3"]
[White "Yuffa, Daniil"]
[Black "Kozionov, Kirill"]
[Result "1/2-1/2"]
[WhiteElo "2521"]
[BlackElo "2440"]
[Annotator "TA"]
[PlyCount "88"]
[EventDate "2017.??.??"]
[EventType "tourn"]
[EventCountry "RUS"]
[SourceTitle "playchess.com"]
[Source "ChessBase"]
[SourceQuality "1"]

{[%evp 20,88,14,14,22,10,26,25,21,20,41,37,51,58,95,91,95,91,90,79,197,197,197,157,174,104,103,105,104,107,101,103,103,101,104,104,104,88,88,80,94,97,110,110,114,88,130,131,132,133,148,114,114,114,114,110,110,110,106,73,83,32,41,42,42,12,43,23,33,33,33]} 1. d4 d5 2. c4 dxc4 3. e3 Nf6 4. Bxc4 e6 5. Nf3 a6 6. O-O c5 7. Qe2 cxd4 8. exd4 Be7 9. Bg5 O-O 10. Nc3 Nc6 {D26: Queen's Gambit Accepted: 4 e3 e6 5 Bxc5 c5 sidelines} (10... b5 11. Bb3 Bb7 12. Rad1 b4 13. d5 bxc3 14. dxe6 Qc7 15. exf7+ Kh8 16. Rc1 Bb4 17. a3 Ng4 18. g3 Qc6 19. axb4 Ne5 20. Bd1 Qxf3 21. Qxf3 Nxf3+ 22. Bxf3 Bxf3 23. Rxc3 {0-1 (35) Rogozenco,D (2500)-Oganian,M (2422) Moscow 2016}) 11. Rad1 {LiveBook: 3 Games} Nd5 12. Bc1 Bd6 $146 {The position is equal.} (12... b5 13. Bd3 Bb7 14. Ne4 h6 15. Nc5 Qc7 16. Nxb7 Qxb7 17. Bb1 Rad8 18. Ne5 {½-½ (43) Shahnaz,M (2026)-Md,M (1763) Dhaka 2015}) 13. Qe4 Nf6 14. Qh4 Ne7 15. Bd3 Qa5 16. Ne5 Bxe5 17. dxe5 Qxe5 {[#]} 18. Bxh7+ $1 {[%mdl 512]} Nxh7 19. Qxe7 Nf6 {[#]} (19... b5 $16) 20. Rfe1 $1 $18 {[%cal Re1e5]} ({Much less strong is} 20. Rd8 $6 Rxd8 21. Qxd8+ Kh7 $16) 20... Qa5 21. Ne4 Nd5 22. Qg5 ({White should try} 22. Qh4 $18) 22... f6 23. Qg3 Qc7 (23... Qxa2 24. Bh6 g5 25. Nxg5 fxg5 26. Qxg5+ Kf7 27. Qg7+ Ke8 28. Qxf8+ Kd7 29. Rc1) 24. Nxf6+ Rxf6 {[#]} 25. Rxd5 $1 {[%mdl 512]} Qxg3 (25... exd5 26. Qxc7) 26. Rd8+ Rf8 27. Rxf8+ (27. fxg3 $2 {is the wrong capture.} Rxd8 28. Bf4 Rd5 $19) 27... Kxf8 28. fxg3 $16 {[%mdl 4096] Endgame KRB-KRB} (28. hxg3 $5 {is more complex.} Bd7 29. Bd2 Kf7 30. f3 Rc8 31. Bc3) 28... Bd7 29. Bd2 Re8 30. Bc3 Bc6 31. g4 Kf7 32. Kf2 Rd8 33. h4 {[%cal Bh2h4,Bh4h5][%mdl 32]} Bd5 34. a3 Rc8 35. Re5 Kg8 36. Kg3 Rf8 37. h5 Kh7 38. Re1 g6 39. Re2 Rf1 40. Rc2 (40. Kh4 $16) 40... gxh5 41. gxh5 Rh1 $1 42. Kf4 {And now g4 would win.} Rh2 43. Bd4 {Strongly threatening Rc7+.} Rxg2 44. Rc8 {[%csl Gd4][%cal Rc8h8]} Rg8 1/2-1/2

[Event "RUS-ch Youth U21 Boys 2017"]
[Site "Loo"]
[Date "2017.04.22"]
[Round "3"]
[White "Esipenko, Andrey"]
[Black "Sarana, Alexey"]
[Result "1-0"]
[WhiteElo "2492"]
[BlackElo "2464"]
[Annotator "TA"]
[PlyCount "85"]
[EventDate "2017.??.??"]
[EventType "tourn"]
[EventCountry "RUS"]
[SourceTitle "playchess.com"]
[Source "ChessBase"]
[SourceQuality "1"]

{[%evp 21,85,20,8,7,7,13,13,10,10,11,28,0,39,34,40,39,44,36,80,84,78,76,90,80,140,146,133,156,152,111,119,111,104,117,120,109,114,78,75,96,136,111,133,123,138,99,224,241,253,239,231,199,226,236,278,279,625,616,1579,1683,997,597,750,757,750,729]} 1. d4 Nf6 2. c4 e6 3. Nf3 d5 4. Nc3 Nbd7 5. Bf4 dxc4 6. e3 Nb6 7. Bxc4 {D37: Queen's Gambit Declined: 5 Bf4} Nxc4 8. Qa4+ c6 9. Qxc4 Nd5 10. O-O Nxf4 11. exf4 Be7 {LiveBook: 8 Games} 12. Rfe1 O-O 13. Rad1 Qd6 14. Ne5 {[%cal Bf3e5,Be5d3,Bd3c5,Bc5d7][%mdl 32]} f6 15. Nd3 $146 b5 16. Qc5 Qd7 17. Qh5 Qxd4 18. f5 b4 19. Na4 Rb8 20. Ndc5 $36 {[%mdl 2048] White is really pushing.} Qf4 21. Nd7 Bxd7 22. Rxd7 Rbe8 ({Black should try} 22... b3) 23. fxe6 f5 24. b3 a5 25. Qd1 Qg4 26. Rc7 Qxd1 27. Rxd1 Rd8 28. Rxd8 Rxd8 $16 {[%cal Rd8d1][%mdl 4096] [#] Endgame KRB-KRN} 29. Kf1 (29. g3 $5 {seems wilder.} Kf8 30. Nb6 Rd6 31. Rc8+ Bd8 32. Nc4) 29... Kf8 30. Rxc6 Bf6 31. Ke2 Ke7 32. Nb6 Be5 33. Nc4 Bxh2 (33... Bc3 $16) 34. g3 $18 {[%cal Bg2g3,Bg3g4][%mdl 32]} ({Stronger than} 34. Nxa5 Ra8 35. Rc5 Kxe6 $14) 34... f4 35. g4 ({Weaker is} 35. Nxa5 fxg3 36. fxg3 Bxg3 $11) 35... f3+ 36. Kxf3 Rd4 37. Nxa5 Rd2 38. Nc4 Rxa2 $2 (38... Rc2 39. Ra6 g6) 39. Ne3 {And now Nd5+ would win.White is clearly winning.} Ra5 {If Black can now play ...g6 this consolidates a bit.} 40. Nf5+ Kf6 41. e7+ Kf7 {Now ...Ra8 and Black clings on.} 42. Re6 {[%cal Re7e8]} Ra8 {[#]} 43. Nxg7 $1 {[%mdl 512]} 1-0

[Event "RUS-ch Youth U21 Boys 2017"]
[Site "Loo"]
[Date "2017.04.22"]
[Round "3"]
[White "Lomasov, Semen"]
[Black "Sorokin, Aleksey"]
[Result "1/2-1/2"]
[WhiteElo "2489"]
[BlackElo "2445"]
[Annotator "TA"]
[PlyCount "80"]
[EventDate "2017.??.??"]
[EventType "tourn"]
[EventCountry "RUS"]
[SourceTitle "playchess.com"]
[Source "ChessBase"]
[SourceQuality "1"]

{[%evp 26,80,41,33,41,37,25,33,43,28,76,47,54,33,59,61,64,72,70,0,77,0,0,0,0,0,79,94,93,87,91,40,45,47,47,39,41,47,41,17,16,0,5,8,8,0,5,0,0,0,0,0,0,0,0,0,0]} 1. d4 Nf6 2. c4 g6 3. f3 d5 4. cxd5 Nxd5 5. e4 Nb6 6. Nc3 Bg7 7. Be3 O-O 8. Qd2 Nc6 9. O-O-O f5 {D70: Grünfeld: Unusual White 3rd moves (met by ...d5)} (9... Qd6 10. Nb5 Qd7 11. Kb1 Rd8 12. d5 a6 13. Nc3 Qe8 14. Qc1 Na5 15. Bf4 Rd7 16. Bh6 Bxh6 17. Qxh6 {½-½ (31) Nakamura,H (2787)-So,W (2794) Douglas 2016}) 10. e5 Nb4 11. Nh3 Be6 12. Kb1 Qd7 13. Nf4 Bf7 14. a3 {LiveBook: 4 Games} N4d5 15. Nfxd5 $146 (15. Ncxd5 Nxd5 16. Bc4 Nxf4 {½-½ (16) Walczak,P (2471)-Yamaliev,V (2470) ICCF email 2014}) 15... Nxd5 16. Bc4 Rad8 17. h4 c6 18. Nxd5 Bxd5 19. Bxd5+ Qxd5 20. h5 c5 21. hxg6 hxg6 22. Bh6 (22. Qc2 $14) 22... f4 (22... Qxd4 $11 {remains equal.} 23. Qc1 Qxe5) 23. Qe1 (23. Qc2 $16) 23... cxd4 $11 24. Bxg7 Kxg7 25. Qh4 {[%csl Gh1][%cal Rh4h7] [#]} Kf7 (25... Qxe5 $11 26. Rde1 Qf5+ 27. Ka1 e5) 26. Qxf4+ $16 Ke8 27. Qg4 Rg8 28. Rh6 (28. Rhe1 $16) 28... Qxe5 $14 29. Rxg6 Rxg6 30. Qxg6+ {[%mdl 4096] Endgame KQR-KQR} Kd7 31. Qc2 Ke8 32. Qd3 Rd6 {The position is equal.} 33. Rd2 a6 34. Re2 Qd5 35. Qh7 {[%csl Ge2][%cal Rh7e7] [#]} Qg5 $1 36. f4 Qg6+ 37. Qxg6+ Rxg6 38. Kc2 Rg3 {Hoping for ...d3+.} 39. Rd2 Kf7 40. Rxd4 Rxg2+ 1/2-1/2

[Event "RUS-ch Youth U21 Boys 2017"]
[Site "Loo"]
[Date "2017.04.22"]
[Round "3"]
[White "Faizrakhmanov, Ramil"]
[Black "Zakhartsov, Vladimir"]
[Result "1-0"]
[WhiteElo "2436"]
[BlackElo "2470"]
[Annotator "TA"]
[PlyCount "160"]
[EventDate "2017.??.??"]
[EventType "tourn"]
[EventCountry "RUS"]
[SourceTitle "playchess.com"]
[Source "ChessBase"]
[SourceQuality "1"]

{[%evp 18,160,18,27,55,51,51,51,46,46,46,33,64,48,102,105,170,165,172,160,189,125,122,94,191,193,188,138,187,186,240,231,259,256,256,264,267,267,276,278,334,329,307,282,288,290,274,244,246,244,244,243,231,233,261,259,250,248,295,282,304,251,375,338,404,397,409,415,429,429,289,392,397,387,366,361,415,410,710,710,710,546,691,732,724,659,719,712,679,667,599,487,739,683,645,4263,4622,2735,4627,4702,4577,4607,4107,4133,4418,2412,2746,3697,2660,2590,1572,1418,2842,1508,29957,29958,29952,29961,29962,29963,29967,29968,29958,6668,7978,9066,5991,5727,29958,29957,4133,2341,29975,29977,29981,29982,29982,29983,29983,29984,29984,29985,29985,29986,29986]} 1. d4 Nf6 2. c4 e6 3. Nf3 Bb4+ 4. Bd2 a5 5. g3 d6 6. Bg2 Nbd7 7. O-O e5 8. Nc3 O-O 9. a3 {E11: Bogo-Indian} (9. Qc2 Re8 10. e4 exd4 11. Nxd4 Ne5 12. Bg5 c6 13. Na4 h6 14. Bf4 Ng6 15. Be3 Ng4 16. Bc1 Qf6 17. Rd1 b5 18. cxb5 cxb5 {1-0 (40) Van Wely,L (2691)-Fressinet,L (2714) Aix les Bains 2012}) 9... Bxc3 10. Bxc3 {[%cal Rd4e5] LiveBook: 13 Games} Qe7 11. dxe5 {White is slightly better.} dxe5 12. b4 $146 (12. e3 a4 13. Qc2 Re8 14. Rad1 Qe6 {0-1 (64) Titzhoff,F (2155)-Fyllingen,R (2335) Gausdal 1994}) 12... e4 {And now ...axb4 would win.} 13. Nd4 {[%cal Bf3d4,Bd4c2,Bc2e3,Be3d5][%mdl 32]} Ne5 14. Qb3 Rd8 15. Rad1 Bd7 ({Better is} 15... axb4 $14 16. axb4 Bd7) 16. bxa5 $16 c5 (16... Re8 $16) 17. Nc2 $1 $18 Nc6 18. Ne3 Nxa5 19. Bxa5 ({White should play} 19. Qb6 $18 Nc6 20. Bxf6 (20. Qxb7 Ra7 21. Qb2 Rb8 $16) 20... gxf6 21. Nd5 (21. Qxb7 Nd4 $16)) 19... Rxa5 $16 20. Qxb7 {Black must now prevent Nd5.} Qe8 {[#]} (20... Re8 $16) 21. Nd5 $1 $18 Nxd5 22. Qxd5 Raa8 23. Qxe4 Be6 (23... Ra7 $142 24. Qd3 Rc8) 24. Qe5 Rac8 25. Bb7 Rb8 26. Rxd8 Qxd8 27. Bd5 Bxd5 28. cxd5 {[%mdl 4096] Endgame KQR-KQR} ({Don't take} 28. Qxd5 $6 Qe7 29. a4 g6 $18) 28... Rc8 29. d6 c4 30. Rd1 {Threatens to win with d7.} c3 31. Rc1 c2 32. Qf5 g6 33. Qd3 Rc6 34. Rxc2 Rxd6 35. Qc3 Rd1+ 36. Kg2 Qa8+ 37. Qf3 Qb8 38. Rc6 Rd8 39. h4 h5 (39... Qa8 $142 40. Rc4 Qxf3+ 41. Kxf3 Ra8) 40. Qc3 Qb1 41. Qc4 Re8 42. a4 Qe4+ 43. Qxe4 Rxe4 {KR-KR} 44. a5 {[%cal Ba4a5,Ba5a6][%mdl 32]} Rxe2 45. a6 Ra2 46. Kf3 Kg7 47. Ke3 Ra4 (47... Kf8 $142 48. Rb6 Ra4 49. Rb8+ Ke7 50. Rb7+ Ke6) 48. Kd3 Kf8 49. Kc3 Ke7 50. Kb3 Ra1 51. Kc4 Kd7 52. Rf6 Ke7 53. Rb6 Kd7 54. Rb7+ Kc8 (54... Kd6 $142 55. Rxf7 Ke6) 55. Kb5 f5 56. Rg7 Kb8 57. Rxg6 Ra2 58. f4 Ra3 59. Kb6 {[%cal Rg6g8]} Rb3+ 60. Kc5 Ka7 61. Kd5 Re3 62. Kd4 Re4+ 63. Kd3 Ra4 64. Ke3 Re4+ 65. Kf3 Rb4 66. Rh6 Rb5 67. Kg2 Ra5 68. Kh3 Rxa6 69. Rxh5 Rf6 70. Rh7+ (70. Rh8 $142 Kb6 71. h5 Kc7 72. Kh4 Rc6 73. h6 Rd6 74. h7 Kb7 {[#]} 75. Rb8+ $1 {[%mdl 512]} Kxb8 76. h8=Q+ Kc7 77. Qe5) 70... Kb6 71. h5 {[%cal Bh4h5,Bh5h6,Bh6h7][%mdl 32]} Kc5 72. Rd7 Kc6 73. Rd3 Rf8 74. Kh4 Rg8 75. h6 {White mates.} Kc5 76. h7 Rh8 77. Rd7 Kc6 78. Rg7 Kd6 79. Kg5 Ke6 80. Kg6 Kd5 1-0

[Event "RUS-ch Youth U21 Boys 2017"]
[Site "Loo"]
[Date "2017.04.23"]
[Round "4"]
[White "Esipenko, Andrey"]
[Black "Paravyan, David"]
[Result "1/2-1/2"]
[WhiteElo "2492"]
[BlackElo "2534"]
[Annotator "TA"]
[PlyCount "94"]
[EventDate "2017.??.??"]
[EventType "tourn"]
[EventCountry "RUS"]
[SourceTitle "playchess.com"]
[Source "ChessBase"]
[SourceQuality "1"]

{[%evp 20,94,13,13,41,46,35,31,36,4,18,8,0,0,12,9,9,8,9,8,8,0,2,0,0,0,0,0,8,-19,-12,-11,0,0,0,0,11,9,0,-119,-118,-119,56,68,70,61,71,69,59,47,63,43,57,0,0,0,23,18,164,160,250,0,65,0,0,0,0,0,0,6,5,8,2,0,0,0,8]} 1. d4 Nf6 2. c4 g6 3. Nc3 d5 4. Nf3 Bg7 5. cxd5 Nxd5 6. e4 Nxc3 7. bxc3 c5 8. Be3 Qa5 9. Bd2 {D85: Exchange Grünfeld: Unusual White 7th moves and lines with 7 Nf3} O-O 10. Be2 Nc6 11. O-O {LiveBook: 4 Games} Qc7 {[%cal Rc5d4]} 12. Rc1 e6 $146 (12... b6 13. d5 Na5 14. c4 Nb7 15. h3 e5 16. Bc3 Qe7 {0-1 (36) Wallace,J (2404)-Fier,A (2592) Hampstead 2014}) 13. Be3 b6 14. Qa4 Bb7 15. Ba6 Bxa6 16. Qxa6 Rfd8 17. Rfd1 cxd4 18. cxd4 {[#] Hoping for Qa4.} Qd7 19. h4 Rac8 {[%cal Rc6d4]} 20. Bg5 Re8 {[%cal Rc6d4]} 21. Qd3 h6 22. Be3 Red8 23. Qd2 Kh7 24. Rb1 Na5 25. Bf4 Qa4 26. Rbc1 Nc6 {[%cal Rc6d4]} 27. d5 $1 {[%cal Bd4d5,Bd5d6,Bd6d7][%mdl 32]} Qxe4 {[%cal Rd8d5]} 28. d6 {Black should prevent d7.} e5 29. Be3 (29. Bg3 $11) 29... Qf5 $17 30. Qd5 e4 $2 (30... Ne7 $17 31. Qb3 Rxc1 32. Bxc1 Nc6) 31. Qxf5 $14 gxf5 32. d7 Rc7 33. Ne1 $36 {[%mdl 3072] White has strong compensation. White has the initiative.} Be5 {White must now prevent ...f4.} 34. f4 $1 {[%cal Rf4e5]} (34. g3 Nb8 35. f4 exf3 $17) 34... Bb2 35. Rc4 b5 36. Rc5 (36. Rc2 $14 Ba3 37. g3) 36... Ba3 $1 $11 {[%cal Ra3c5]} 37. Rc2 Kg7 (37... Bb4 $6 38. Kf1 $14) 38. Bc5 Bxc5+ ({Much worse is} 38... Rdxd7 $6 39. Rxd7 Rxd7 40. Bxa3 $16) (38... b4 $1 $11 {and Black stays safe.} 39. Bf2 a5) 39. Rxc5 $18 b4 {[#]} (39... Rcxd7 $16 {was worth a try.} 40. Rxd7 Rxd7) 40. Rd6 $2 (40. Nc2 $1 $18) 40... Rdxd7 ({Black should play} 40... Rcxd7 $11 41. Rxd7 (41. Rdxc6 Rd1 $11) 41... Rxd7 42. Rxc6 Rd1) 41. Rxd7 (41. Rcxc6 $14 Rxd6 42. Rxc7 (42. Rxd6 Rc1 43. Kf1 Ra1 $14)) 41... Rxd7 $11 {The position is equal.} 42. Rxc6 {[%mdl 4096] Endgame Nc2 is the strong threat. KRN-KR} Rd1 $1 {[%cal Rd1e1]} 43. Kf1 {next Ra6 is good for White.} Ra1 44. Rc2 a5 45. Rb2 Kg6 46. Kf2 a4 $1 47. Rxb4 a3 1/2-1/2

[Event "RUS-ch Youth U21 Boys 2017"]
[Site "Loo"]
[Date "2017.04.23"]
[Round "4"]
[White "Khegay, Dmitriy"]
[Black "Lomasov, Semen"]
[Result "1-0"]
[WhiteElo "2477"]
[BlackElo "2489"]
[Annotator "TA"]
[PlyCount "91"]
[EventDate "2017.??.??"]
[EventType "tourn"]
[EventCountry "RUS"]
[SourceTitle "playchess.com"]
[Source "ChessBase"]
[SourceQuality "1"]

{[%evp 21,91,34,43,41,48,47,85,27,104,31,20,20,35,44,28,38,90,87,152,146,183,180,206,201,228,228,235,229,286,294,345,338,345,346,339,283,498,487,454,278,297,284,276,274,323,272,264,208,192,208,722,715,700,692,635,655,505,354,234,339,6055,5685,5210,5185,2796,2442,6327,6319,6323,6025,2734,2382]} 1. d4 Nf6 2. Nf3 e6 3. Bf4 c5 4. e3 Nc6 5. c3 d5 6. Nbd2 Bd6 7. Bg3 O-O 8. Bb5 {D02: 1 d4 d5 2 Nf3 sidelines, including 2...Nf6 3 g3 and 2...Nf6 3 Bf4} a6 9. Bxc6 bxc6 10. Qa4 Bxg3 (10... Rb8 11. Qa3 Bxg3 12. hxg3 cxd4 13. cxd4 a5 14. O-O Qb6 15. b3 Ba6 {1-0 (24) Carlsen,M (2840)-Anand,V (2779) Doha 2016}) 11. hxg3 Qb6 {LiveBook: 8 Games} 12. Qc2 h6 $146 (12... Rb8 13. Rb1 cxd4 14. cxd4 a5 15. Ne5 g6 {1-0 (36) Blomqvist,E (2541)-Lindgren,P (2420) Sweden 2016}) 13. Ne5 Rb8 14. Rb1 (14. b3 $16) 14... a5 (14... Nd7 $11 {remains equal.}) 15. O-O (15. g4 $1 $16) 15... Ba6 $14 16. Rfc1 Rfd8 17. Qb3 {Hoping for Qxb6.} Qc7 18. Qa3 c4 {[#]} (18... Rb5 $14) 19. b3 $1 $16 Ne8 ({Black should try} 19... cxb3 20. axb3 (20. Rxb3 Bb5 $14) (20. Nxb3 Ne4 $14) 20... Be2) 20. bxc4 f6 {[#] aiming for ...Rxb1.} 21. Nd3 $1 Rxb1 22. Rxb1 Nd6 23. Nc5 Bc8 24. Qb3 Qe7 25. Qb6 e5 26. cxd5 ({But not} 26. Qxa5 dxc4 27. Rb8 Kh7 $18) 26... cxd5 27. Qxa5 Bf5 28. Rb6 e4 $2 (28... Qe8 {was called for.} 29. Qb4 Nc8) 29. Qb4 $18 Qe8 30. Nb7 Nxb7 31. Rxb7 Ra8 32. Qd6 Rd8 33. Qc7 {[%csl Gb7][%cal Rc7g7]} Rd7 34. Qc6 Qa8 35. Rc7 Qxa2 $2 (35... Qxc6 36. Rxc6 Ra7) 36. Rxd7 Bxd7 37. Qxd7 Qxd2 38. Qxd5+ {[%mdl 4096] Endgame KQ-KQ} Kf8 39. Qxe4 Qe1+ 40. Kh2 Qxf2 $2 (40... Qxc3 41. Qa8+ Kf7 42. Qb7+ Kf8) 41. d5 {[%cal Bd4d5,Bd5d6][%mdl 32] White is clearly winning.} Qe2 42. d6 Qh5+ 43. Qh4 Qd1 44. Qd4 Qh5+ 45. Kg1 {Intending d7 and mate.} Ke8 46. c4 1-0